|
|
|
|
| LEADER |
00769nta a2200217 i 4500 |
| 001 |
dipl132829 |
| 005 |
20230209104742.0 |
| 008 |
230209s2014 hu om 0|| hun d |
| 040 |
|
|
|a SZTE Diploma Repozitórium
|b hun
|
| 041 |
|
|
|a hun
|
| 100 |
1 |
|
|a Őze Péter
|
| 245 |
1 |
2 |
|a A bírói véleménynyilvánítási szabadságjog
|h [elektronikus dokumentum] /
|c Péter Őze
|
| 246 |
1 |
0 |
|a The judicial freedom of expression
|h [elektronikus dokumentum]
|
| 260 |
|
|
|c 2014
|
| 650 |
|
4 |
|a Jogi és igazgatási tanulmányok
|
| 650 |
|
4 |
|a Social sciences
|
| 650 |
|
4 |
|a Law
|
| 650 |
|
4 |
|a Law, criminology, penology
|
| 700 |
0 |
1 |
|a Harangozó Attila
|e ths
|
| 700 |
0 |
1 |
|a Trócsányi László
|e ths
|
| 856 |
4 |
0 |
|u https://diploma.bibl.u-szeged.hu/id/eprint/132829/1/2014_oze_peter.pdf
|z Dokumentum-elérés
|